| 000 | 01396cam a2200409 i 4500 | ||
|---|---|---|---|
| 999 |
_c200453142 _d71354 |
||
| 003 | TR-AnTOB | ||
| 005 | 20230524151804.0 | ||
| 007 | ta | ||
| 008 | 111005s2014 tu 001 0 tur c | ||
| 020 |
_a9789752205055 _q(paperback) |
||
| 020 |
_a9752205054 _q(paperback) |
||
| 035 | _a(OCoLC)922469570 | ||
| 040 |
_aNjP _beng _erda _cPUL _dOCLCO _dOCLCF _dOCLCA _dBGZ _dTR-AnTOB |
||
| 041 | 0 | _atur | |
| 042 | _apcc | ||
| 043 | _aa-tu--- | ||
| 050 | 1 | 4 |
_aDR603 _b.O924 2014 |
| 090 |
_aDR603 _b.O924 2014 |
||
| 100 | 1 |
_aÖzakman, Turgut, _d1930-2013 _eauthor _943904 |
|
| 245 | 1 | 0 |
_aBaşbakan Sayın R. T. Erdoğan'a ve herkese açık mektup / _cTurgut Özakman. |
| 246 | 3 | _aBaşbakan Sayın Recep Tayyip Erdoğan'a ve herkese açık mektup. | |
| 246 | 3 | 4 | _aTurgut Özakman'ın yarım kalan mektubu. |
| 246 | 1 | 8 | _aAçık mektup. |
| 250 | _a4. basım Nisan 2014 | ||
| 264 | 1 |
_aYenişehir, Ankara : _bBilgi yayınevi, _c2014. |
|
| 300 |
_a142 pages ; _c20 cm |
||
| 336 |
_atext _2rdacontent _btxt |
||
| 337 |
_aunmediated _2rdamedia _bn |
||
| 338 |
_avolume _2rdacarrier _bnc |
||
| 500 | _aIncludes index. | ||
| 500 | _a"Turgut Özkaman'ın yarım kalan mektubu"--Cover. | ||
| 600 | 1 | 0 |
_aErdoğan, Recep Tayyip, _d1954- _9122533 |
| 610 | 7 |
_aAK Parti (Türkiye) _2etuturkob _970594 |
|
| 651 | 0 |
_aTürkiye _xSiyaset ve yönetim _y1980- _98950 |
|
| 942 |
_2lcc _cBK |
||